000 00306nam a22001337a 4500
008 171021b xxu||||| |||| 00| 0 eng d
020 _a9780133815344
041 _aeng
080 _a658
100 _a54
101 _aLIN
245 _aTHE ART AND SCIENCE OF LEADERSHIP
_cNAHAVANDI, A
942 _2udc
_cBK
999 _c35335
_d35335